000 00882nam a2200265Ia 4500
003 OSt
005 20220930092400.0
006 a|||||r|||| 00| 0
007 ta
008 220926b |||||||| |||| 00| 0 eng d
024 _a20608
037 _cTheses
040 _aCRL
_cCRL
_beng
041 _2eng
_aeng
100 _aWasim Ahmad
_9548629
110 _aUniversity of Delhi. Faculty of Commerce. Department of Financial Studies
245 0 _aEmpirical study on the regime shifts and financial contagion in global equity markets
260 _c2013
650 _aFINANCE
700 _a Prof. N. R. Bhanumurthy Gu.
_9548630
700 _a Prof. Sanjay Sehgal Gu.
700 _aUniversity of Delhi. Faculty of Commerce. Department of Financial Studies
942 _cDIS
_2CC
999 _c883681
_d883681